000 00346nam a2200133Ia 4500
008 231129s1993||||xx |||||||||||||| ||spa||
020 _a968-24-4584-1
040 _bspa
082 _a747 R294
245 0 _aRecámaras: remodelación y decoración
260 _c1993
264 _aTrillas
942 _2ddc
_cBKS
999 _c23760
_d23760